[Event "Match"]
[Site "www.echecsemail.com"]
[Date "2018.09.08"]
[Round "1"]
[White "Eeze"]
[Black "Paco"]
[WhiteElo "1749"]
[BlackElo "1980"]
[Result "0-1"]
[Round "1"]
1.e4 e5
2.Ng1f3 Nb8c6
3.c3 Bf8c5
4.b4 Bc5b6
5.b5 Nc6a5
6.Nf3xe5 Qd8f6
7.d4 d6
8.Ne5f3 Bc8g4
9.h3 Bg4h5
10.Bf1e2 Qf6e6
11.Qd1c2 Ng8f6
12.Nf3g5 Qe6e7
13.O-O h6
14.Be2xh5 Nf6xh5
15.Ng5f3 O-O-O
16.Nb1d2 g5
17.e5 dxe5
18.Nf3xe5 Rh8g8
19.Qc2f5 Qe7e6
20.Qf5xf7 Qe6xf7
21.Ne5xf7 Rd8d7
22.Nf7xh6 Rg8g6
23.Nh6g4 Nh5f4
24.Ng4e5 Rg6d6
25.Ne5xd7 Nf4e2
26.Kh1 Kxd7
27.Bc1a3 Rd6d5
28.Ba3b2 Rd5xb5
29.Ra1b1 Na5c6
30.Nd2e4 Nc6a5
31.Ne4d2 Rb5f5
32.Kh2 Rf5f8
33.g3 c5
34.Rb1e1 Rf8e8
35.f4 cxd4
36.cxd4 gxf4
37.gxf4 Ne2xf4
38.Re1xe8 Kxe8
 { time }
0-1

[Event "Tourn. n9896"]
[Site "www.echecsemail.com"]
[Date "2018.09.09"]
[Round "1"]
[White "Julian"]
[Black "J1j6"]
[WhiteElo "1800"]
[BlackElo "1940"]
[Result "0-1"]
[Round "1"]
1.e4 c5
2.Ng1f3 Nb8c6
3.c3 d5
4.exd5 Qd8xd5
5.d4 cxd4
6.cxd4 Bc8g4
7.Bf1e2 Bg4xf3
8.Be2xf3 Qd5e6
9.Bc1e3 Qe6c4
10.Nb1c3 Ra8d8
11.Bf3e2 Qc4b4
12.O-O Nc6xd4
13.Be3xd4 Qb4xb2
14.Nc3b5 Rd8xd4
15.Nb5xd4 e5
16.Qd1a4 Kd8
17.Be2g4 b5
18.Nd4xb5 Bf8c5
19.Ra1d1 Ke7
20.Rd1d7 Kf6
21.Nb5d6 Ng8h6
22.Nd6e4 Kg6
23.Ne4xc5 f5
24.Qa4c6 { time. }
0-1

[Event "Tourn. n9941"]
[Site "www.echecsemail.com"]
[Date "2018.09.09"]
[Round "1"]
[White "Asoka"]
[Black "Obisporey"]
[WhiteElo "2710"]
[BlackElo "2550"]
[Result "1/2-1/2"]
[Round "1"]
1.f4 d5
2.e3 g6
3.Bf1e2 Ng8f6
4.b3 Bf8g7
5.Bc1b2 O-O
6.c4 dxc4
7.bxc4 c5
8.Ng1f3 Qd8b6
9.Qd1c1 Nb8c6
10.Nb1c3 Rf8d8
11.O-O Bc8f5
12.Nc3d1 Nc6b4
13.Nd1f2 Nb4c2
14.Ra1b1 { draw }
1/2-1/2

[Event "Tourn. n9869"]
[Site "www.echecsemail.com"]
[Date "2018.09.09"]
[Round "1"]
[White "Passaroa25"]
[Black "Osopanda"]
[WhiteElo "1680"]
[BlackElo "1850"]
[Result "0-1"]
[Round "1"]
1.Ng1f3 d6
2.Nb1c3 Ng8f6
3.h3 Nb8d7
4.d4 c6
5.e3 e5
6.Bf1e2 e4
7.Nf3d2 Bf8e7
8.Nc3xe4 O-O
9.f3 Rf8e8
10.Nd2b3 d5
11.Ne4xf6 Nd7xf6
12.g4 Be7d6
13.Bc1d2 h6
14.Bd2c3 Re8xe3
15.Qd1d2 Qd8e7
16.O-O-O b6
17.h4 Nf6e8
18.h5 Bd6f4
19.Kb1 Bf4g5
20.Bc3b4 c5
21.dxc5 Re3xb3
22.Qd2xd5 Rb3xb4
23.Qd5xa8 Bc8b7
24.Qa8xa7 Qe7e5
25.b3 Bb7c6
26.Rh1e1 Bg5f6
27.Kc1 Qe5e3
28.Rd1d2 Bf6g5
29.Kb1 Qe3xd2
30.a4 Qd2xe1
31.Ka2 Bg5f6
32.Be2d3 Qe1a1

0-1

[Event "Tourn. n9926"]
[Site "www.echecsemail.com"]
[Date "2018.09.09"]
[Round "1"]
[White "Coolant"]
[Black "Szustan"]
[WhiteElo "2360"]
[BlackElo "2550"]
[Result "0-1"]
[Round "1"]
1.Nb1c3 Ng8f6
2.e4 e5
3.f4 d5
4.exd5 Nf6xd5
5.Nc3xd5 Qd8xd5
6.fxe5 Qd5e4
7.Qd1e2 Qe4xc2
8.Ng1f3 Bc8e6
9.Qe2b5 Nb8c6
10.Qb5xb7 Ra8b8
11.Qb7a6 Nc6b4
12.Qa6xa7 Rb8d8
13.a3 Bf8c5
14.Qa7a5 Qc2e4
{ resign }
0-1

[Event "Tourn. n9896"]
[Site "www.echecsemail.com"]
[Date "2018.09.09"]
[Round "1"]
[White "Osopanda"]
[Black "J1j6"]
[WhiteElo "1840"]
[BlackElo "1940"]
[Result "0-1"]
[Round "1"]
1.e4 Ng8f6
2.e5 Nf6e4
3.d4 e6
4.Ng1f3 d5
5.Nb1c3 Ne4xc3
6.bxc3 c5
7.Bf1b5 Bc8d7
8.Bb5xd7 Nb8xd7
9.O-O c4
10.Bc1g5 Bf8e7
11.Bg5xe7 Qd8xe7
12.Qd1d2 h6
13.a4 a5
14.Rf1b1 b6
15.Ra1a2 O-O
16.g4 f6
17.Rb1e1 fxe5
18.Nf3xe5 Nd7xe5
19.Re1xe5 Qe7f6
20.Ra2b2 Ra8b8
21.Rb2b1 Rf8f7
22.Rb1e1 Rb8f8
23.Re1e2 Rf8e8
24.f4 Qf6xf4
25.Qd2xf4 { time. }
0-1

[Event "Match"]
[Site "www.echecsemail.com"]
[Date "2018.09.09"]
[Round "1"]
[White "Biggles"]
[Black "Apdash"]
[WhiteElo "2090"]
[BlackElo "2090"]
[Result "0-1"]
[Round "1"]
1.e4 e5
2.Ng1f3 d6
3.d4 f6
4.Bf1c4 Qd8e7
5.d5 Bc8g4
6.Nb1c3 a6
7.Bc1e3 g6
8.h3 Bg4xf3
9.Qd1xf3 Nb8d7
10.Qf3e2 Bf8g7
11.O-O Ng8h6
12.b4 O-O
13.Qe2d2 Nh6f7
14.Nc3e2 Kh8
15.Ne2g3 Nd7b6
16.Bc4b3 h5
17.a4 Ra8c8
18.a5 Nb6d7
19.c4 Kh7
20.Bb3d1 c5
21.bxc5 Nd7xc5
22.Qd2e2 Bg7h6
23.Ra1a3 Bh6xe3
24.Qe2xe3 Nf7h6
25.f4 exf4
26.Qe3xf4 Qe7e5
27.Qf4h4 Rc8e8
28.Ra3f3 Kg7
29.Ng3e2 Nc5xe4
30.Rf3e3 Nh6f5
31.Rf1xf5 Qe5xf5
32.Re3f3 Qf5g5
33.Qh4e1 Qg5d2
34.Qe1f1 Qd2xa5
35.Bd1c2 Ne4d2
36.Qf1f2 Nd2xf3
37.Qf2xf3 Qa5e1
{ resign }
0-1

[Event "Tourn. n9890"]
[Site "www.echecsemail.com"]
[Date "2018.09.09"]
[Round "1"]
[White "Luban"]
[Black "Falcoale"]
[WhiteElo "2040"]
[BlackElo "1920"]
[Result "1-0"]
[Round "1"]
1.d4 Ng8f6
2.c4 e6
3.e3 b6
4.Ng1f3 Bc8a6
5.Qd1c2 Bf8b4
6.Bc1d2 Bb4e7
7.Bf1d3 O-O
8.O-O Nb8c6
9.a3 Ba6b7
10.e4 Ra8c8
11.e5 Nf6e8
12.Bd3xh7 Kh8
13.Nb1c3 f5
14.exf6 Ne8xf6
15.Bh7d3 d5
16.Nf3g5 Nf6e4
17.Ng5xe6 Qd8d6
18.Ne6xf8 Rc8xf8
19.Bd3xe4 dxe4
20.d5 Nc6d4
21.Qc2xe4 Nd4b3
22.Ra1d1 Nb3xd2
23.Rd1xd2 Be7g5
24.Rd2d3 Bb7c8
25.Rd3f3 Rf8xf3
26.Qe4xf3 Bg5f6
27.Nc3e4 Qd6d8
28.Ne4xf6 { resign }
1-0

[Event "Tourn. n9883"]
[Site "www.echecsemail.com"]
[Date "2018.09.09"]
[Round "1"]
[White "Obisporey"]
[Black "Stepanpech"]
[WhiteElo "2550"]
[BlackElo "2480"]
[Result "0-1"]
[Round "1"]
1.e4 c5
2.Ng1f3 Nb8c6
3.c3 Ng8f6
4.e5 Nf6d5
5.Bf1c4 Nd5b6
6.Bc4b3 c4
7.Bb3c2 Qd8c7
8.Qd1e2 g5
9.h3 Bf8g7
10.O-O Nc6xe5
11.Nf3xg5 d5
12.Rf1e1 h6
13.Ng5f3 Ne5xf3
14.Qe2xf3 e5
15.d4 cxd3
16.Qf3g3 Bg7f6
17.Qg3xd3 Bc8e6
18.Nb1a3 Rh8g8
19.Bc1xh6 O-O-O
20.Qd3f3 Bf6e7
21.Na3b5 Qc7d7
22.Bc2a4 Nb6xa4
{ resign }
0-1

[Event "Tourn. n9920"]
[Site "www.echecsemail.com"]
[Date "2018.09.09"]
[Round "1"]
[White "Jjmcbride"]
[Black "Hansen"]
[WhiteElo "1590"]
[BlackElo "1570"]
[Result "0-1"]
[Round "1"]
1.e4 e6
2.e5 Bf8c5
3.d4 Bc5b6
4.c4 Nb8c6
5.c5 Bb6a5
6.Bc1d2 Ba5xd2
7.Qd1xd2 a6
8.Ng1f3 h6
9.Bf1d3 g5
10.a3 g4
11.Nf3g1 { time. }
0-1

[Event "Tourn. n9875"]
[Site "www.echecsemail.com"]
[Date "2018.09.09"]
[Round "1"]
[White "Osopanda"]
[Black "Odin"]
[WhiteElo "1850"]
[BlackElo "1910"]
[Result "0-1"]
[Round "1"]
1.e4 e5
2.Ng1f3 Ng8f6
3.d3 Nb8c6
4.Bc1g5 Bf8e7
5.Bf1e2 d5
6.exd5 Nf6xd5
7.Bg5xe7 Qd8xe7
8.O-O Nd5f4
9.Nb1c3 Nc6d4
10.Rf1e1 O-O
11.Nf3xd4 exd4
12.Be2g4 Qe7g5
13.Bg4f3 dxc3
14.bxc3 Ra8b8
15.g3 Nf4h3
16.Kg2 Nh3f4
17.Kh1 Nf4h3
18.Qd1e2 Bc8d7
19.Bf3g2 Rb8e8
20.Bg2xh3 Re8xe2
21.Re1xe2 Bd7xh3
22.f4 Qg5d5
23.Kg1 Qd5c5
24.Re2f2 Qc5xc3
25.Ra1b1 b6
26.Rf2e2 h6
27.Rb1b3 Qc3a1
28.Kf2 Qa1f1
29.Ke3 Rf8e8
30.Kd4 Qf1xe2
{ resign }
0-1

[Event "Tourn. n9918"]
[Site "www.echecsemail.com"]
[Date "2018.09.09"]
[Round "1"]
[White "Alcon"]
[Black "Luizassis"]
[WhiteElo "1199"]
[BlackElo "1390"]
[Result "1-0"]
[Round "1"]
1.e4 e5
2.f4 f6
3.fxe5 fxe5
4.Qd1h5 Ke7
5.Qh5xe5 Kf7
6.Bf1c4 Kg6
7.Qe5f5 Kh6
8.d4 Qd8g5
9.Qf5xg5 { resign }
1-0

[Event "Tourn. n9908"]
[Site "www.echecsemail.com"]
[Date "2018.09.10"]
[Round "1"]
[White "Ssharp"]
[Black "Apdash"]
[WhiteElo "2220"]
[BlackElo "2100"]
[Result "1-0"]
[Round "1"]
1.e4 c5
2.c3 e6
3.d4 d5
4.e5 Nb8c6
5.Ng1f3 cxd4
6.cxd4 Bc8d7
7.a3 Ng8e7
8.Bf1d3 g6
9.Nb1c3 Bf8g7
10.O-O O-O
11.b4 a6
12.Bc1e3 f5
13.Qd1d2 Ra8c8
14.Ra1c1 Kh8
15.Be3g5 Qd8e8
16.b5 axb5
17.Nc3xb5 Rc8a8
18.Nb5c7 Qe8b8
19.Nc7xa8 Qb8xa8
20.Bg5xe7 Nc6xe7
21.Rc1c3 h6
22.Qd2b2 Bd7c6
23.Bd3b5 g5
24.a4 Rf8c8
25.Nf3d2 Kh7
26.Nd2b3 Bc6xb5
27.Rc3xc8 Qa8xa4
28.Rf1a1 Qa4b4
29.Rc8c1 Bb5c4
30.Rc1c3 Ne7c6
31.Ra1b1 Nc6xe5
32.Nb3c5 Qb4xb2
33.Rb1xb2 Ne5c6
34.Nc5xe6 Bg7xd4
35.Rb2xb7 Kg6
36.Ne6xd4 Nc6xd4
37.Rb7b6 Kh5
38.Rc3h3 Kg4
39.Rb6xh6 Nd4e2
40.Kh1 d4
41.Rh3a3 Kf4
42.Ra3a4 Bc4d5
43.h4 gxh4
44.Rh6xh4 Ke5
45.Kh2 d3
46.f4 Kf6
47.Rh4h6 Kg7
48.Rh6d6 Ne2c3
49.Ra4a7 { resign }
1-0

[Event "Match"]
[Site "www.echecsemail.com"]
[Date "2018.09.10"]
[Round "1"]
[White "Lcbunghai"]
[Black "Geodad5"]
[WhiteElo "2170"]
[BlackElo "2160"]
[Result "0-1"]
[Round "1"]
1.g4 e5
2.c4 Bf8e7
3.Bf1g2 d6
4.Nb1c3 c6
5.h3 h6
6.e4 Ng8f6
7.d3 Bc8e6
8.Ng1e2 Nb8d7
9.b4 Qd8c7
10.a3 O-O-O
11.b5 c5
12.Bc1d2 h5
13.g5 Nf6h7
14.h4 g6
15.a4 f6
16.a5 Qc7b8
17.Nc3d5 Be6xd5
18.exd5 fxg5
19.hxg5 Nh7xg5
20.Qd1c1 Ng5f7
21.Bg2e4 Rd8g8
22.f4 Nd7f6
23.fxe5 Nf7xe5
24.Ne2f4 Nf6xe4
25.dxe4 g5
26.Nf4xh5 Ne5d3
{ resign }
0-1

[Event "Match"]
[Site "www.echecsemail.com"]
[Date "2018.09.10"]
[Round "1"]
[White "Apdash"]
[Black "Guidom"]
[WhiteElo "2090"]
[BlackElo "2200"]
[Result "1-0"]
[Round "1"]
1.d4 d5
2.Ng1f3 c6
3.g3 Ng8f6
4.Bf1g2 Bc8g4
5.O-O e6
6.h3 Bg4h5
7.Nb1d2 Bf8d6
8.Nf3e5 Nb8d7
9.f4 c5
10.c3 cxd4
11.cxd4 O-O
12.g4 Bh5g6
13.Nd2f3 Ra8c8
14.Ne5xg6 hxg6
15.Nf3g5 Qd8b6
16.Ra1b1 e5
17.fxe5 Bd6xe5
18.e3 Be5c7
19.Bc1d2 Qb6d6
20.Ng5f3 Nf6e4
21.a3 Rf8e8
22.Bd2b4 Qd6g3
23.Bb4e1 Qg3d6
24.Be1b4 Qd6e6
25.Qd1d3 f5
26.g5 b6
27.Rb1c1 Ne4g3
28.Rf1e1 Qe6e4
29.Qd3b5 Nd7f8
30.Nf3e5 Qe4h4
31.Rc1xc7 f4
32.Bb4xf8 Ng3f5
33.Bg2xd5 Kh7
34.Re1c1 Qh4g3
35.Bd5g2 Qg3xe3
36.Kh2 Qe3g3
37.Kh1 Rc8xc7
38.Rc1xc7 Qg3e1
39.Qb5f1 Nf5g3
40.Kg1 Ng3e2
41.Kh2 Qe1g3
42.Kh1 Re8xf8
43.Qf1xe2 Qg3xg5
44.Ne5f3 Qg5g3
45.Qe2e7 Rf8g8
46.Qe7h4 Qg3xh4
47.Nf3xh4 Kh6
48.Rc7xa7 Rg8d8
49.d5 Rd8d6
50.Ra7f7 { resign }
1-0

[Event "Match"]
[Site "www.echecsemail.com"]
[Date "2018.09.10"]
[Round "1"]
[White "Micheles"]
[Black "Lcbunghai"]
[WhiteElo "2550"]
[BlackElo "2180"]
[Result "1-0"]
[Round "1"]
1.d4 Ng8f6
2.Ng1f3 d5
3.Bc1g5 e6
4.Nb1d2 Bf8e7
5.e3 O-O
6.Bf1d3 c5
7.c3 cxd4
8.exd4 Nb8c6
9.O-O Nf6d7
10.Bg5xe7 Qd8xe7
11.Rf1e1 Qe7d6
12.Re1e3 h6
13.Qd1e2 Rf8e8
14.Nf3e5 f6
15.Qe2h5 Re8e7
16.Ne5xd7 Qd6xd7
17.Qh5g6 f5
18.Ra1e1 Nc6d8
19.Bd3xf5 Qd7d6
20.Qg6h7 Kf8
21.Qh7h8 Kf7
22.Bf5g4 { resign }
1-0

[Event "Match"]
[Site "www.echecsemail.com"]
[Date "2018.09.10"]
[Round "1"]
[White "Lcbunghai"]
[Black "Alessiov"]
[WhiteElo "2180"]
[BlackElo "2260"]
[Result "0-1"]
[Round "1"]
1.c4 e5
2.Nb1c3 Ng8f6
3.d3 Nb8c6
4.Ng1f3 d5
5.cxd5 Nf6xd5
6.Bc1d2 Bf8e7
7.g3 O-O
8.Bf1g2 Bc8e6
9.a3 Nc6d4
10.Nf3xe5 Nd5xc3
11.Bd2xc3 Be6b3
12.Qd1c1 Nd4c2
13.Kf1 Nc2xa1
14.Qc1xa1 c6
15.h4 Rf8e8
16.Qa1c1 Bb3e6
17.Ne5f3 Be7f6
18.Nf3g5 Be6d5
19.e4 Bd5a2
20.Qc1d2 Bf6xc3
21.Qd2xc3 Qd8b6
22.Ng5h3 f6
23.h5 Re8e5
24.Nh3f4 Re5b5
25.b4 a5
26.h6 axb4
27.axb4 Ba2f7
28.hxg7 Ra8a2
29.Nf4e2 Rb5xb4
30.Bg2f3 Rb4b1
{ resign }
0-1

[Event "Tourn. n9872"]
[Site "www.echecsemail.com"]
[Date "2018.09.10"]
[Round "1"]
[White "Muchomurka"]
[Black "Stepanpech"]
[WhiteElo "2410"]
[BlackElo "2460"]
[Result "0-1"]
[Round "1"]
1.e4 e5
2.Ng1f3 Nb8c6
3.Bf1c4 Ng8f6
4.d3 Bf8c5
5.Nb1c3 d6
6.Nc3a4 Bc5b6
7.O-O O-O
8.h3 h6
9.Na4xb6 axb6
10.a4 Bc8d7
11.c3 Qd8c8
12.Rf1e1 Bd7e6
13.Bc4xe6 Qc8xe6
14.d4 exd4
15.cxd4 d5
16.e5 Nf6e4
17.Bc1e3 f5
18.exf6 Rf8xf6
19.Nf3d2 Rf6g6
 { time }
0-1

[Event "Tourn. n9876"]
[Site "www.echecsemail.com"]
[Date "2018.09.10"]
[Round "1"]
[White "Liencam2"]
[Black "Jazzy"]
[WhiteElo "2360"]
[BlackElo "2270"]
[Result "0-1"]
[Round "1"]
1.e4 d6
2.d4 e5
3.Nb1d2 Ng8f6
4.c3 Bf8e7
5.Ng1f3 Nb8d7
6.Bf1c4 h6
7.O-O O-O
8.Rf1e1 Rf8e8
9.Nd2f1 Be7f8
10.Qd1c2 Nd7b6
11.Bc4b3 Bc8e6
12.Bb3xe6 Re8xe6
13.Nf1g3 Ra8c8
14.b3 c5
15.dxe5 dxe5
16.Bc1b2 Qd8c7
17.c4 Nb6d7
18.Ra1d1 g6
19.Re1e2 Bf8g7
20.Re2d2 Nd7b8
21.Ng3e2 Nb8c6
22.Ne2c3 Nc6d4
23.Qc2d3 a6
24.Nc3d5 Nf6xd5
25.exd5 Re6e8
26.Rd1e1 Qc7a5
27.h3 e4
28.Re1xe4 Re8xe4
29.Bb2c3 Nd4xf3
30.Qd3xf3 Re4e1
31.Kh2 Qa5xc3
32.Qf3xc3 Bg7xc3
{ resign }
0-1

[Event "Match"]
[Site "www.echecsemail.com"]
[Date "2018.09.10"]
[Round "1"]
[White "Alekpax"]
[Black "Apdash"]
[WhiteElo "2510"]
[BlackElo "2100"]
[Result "1-0"]
[Round "1"]
1.e4 e5
2.Ng1f3 Nb8c6
3.Bf1b5 d6
4.c3 Bc8d7
5.d4 exd4
6.cxd4 a6
7.Bb5e2 Bf8e7
8.Nb1c3 Ng8f6
9.h3 b5
10.e5 dxe5
11.dxe5 Nf6g8
12.O-O Bd7e6
13.Qd1c2 Nc6b4
14.Qc2e4 c6
15.Nf3d4 Be6d5
16.Qe4g4 Be7f8
17.a3 c5
18.axb4 cxd4
19.Nc3xd5 Qd8xd5
20.Ra1xa6 Ra8b8
21.Be2f3 Qd5xe5
22.Bf3c6 Ke7
23.Qg4d7 Kf6
24.Bc6d5 { resign }
1-0

[Event "Tourn. n9911"]
[Site "www.echecsemail.com"]
[Date "2018.09.10"]
[Round "1"]
[White "Ssharp"]
[Black "Aperturaf"]
[WhiteElo "2220"]
[BlackElo "2730"]
[Result "0-1"]
[Round "1"]
1.e4 e6
2.d4 d5
3.e5 c5
4.c3 Qd8b6
5.Ng1f3 Nb8c6
6.a3 Ng8h6
7.b4 cxd4
8.Bc1xh6 gxh6
9.cxd4 Bc8d7
10.Bf1e2 Ra8c8
11.O-O Bf8g7
12.Qd1d2 O-O
13.Nb1c3 Nc6xd4
14.Nf3xd4 Bg7xe5
15.Rf1d1 Be5xd4
16.Nc3xd5 Bd4xf2
17.Kf1 exd5
{ resign }
0-1

[Event "Tourn. n9934"]
[Site "www.echecsemail.com"]
[Date "2018.09.10"]
[Round "1"]
[White "Foxy100"]
[Black "Rons"]
[WhiteElo "2320"]
[BlackElo "2660"]
[Result "0-1"]
[Round "1"]
1.e4 c5
2.Ng1f3 d6
3.d4 cxd4
4.Nf3xd4 Ng8f6
5.Nb1c3 a6
6.Bc1g5 e6
7.f4 Qd8b6
8.Nd4b3 Nb8d7
9.Bf1e2 Qb6c7
10.O-O h6
11.Bg5h4 Bf8e7
12.Bh4f2 b5
13.a3 Ra8b8
14.Be2f3 O-O
15.Ra1b1 Nd7b6
16.Nb3a5 Nb6a4
17.Nc3xa4 bxa4
18.b4 axb3
19.Rb1xb3 Bc8d7
20.Qd1d2 Rf8c8
21.Rb3xb8 Rc8xb8
22.Na5b3 Rb8c8
23.Rf1c1 d5
24.e5 Nf6e4
25.Bf3xe4 dxe4
26.Rc1e1 Bd7c6
27.Nb3c5 a5
28.Nc5xe4 Be7xa3
29.c3 Bc6xe4
30.Re1xe4 Qc7xc3
31.Qd2xc3 Rc8xc3
32.Bf2e1 Ba3c5
33.Kf1 Rc3c1
34.Ke2 Rc1c2
35.Kf3 Rc2a2
36.Re4e2 Ra2xe2
37.Kxe2 a4
{ resign }
0-1

[Event "Match"]
[Site "www.echecsemail.com"]
[Date "2018.09.10"]
[Round "1"]
[White "Goofy"]
[Black "Apdash"]
[WhiteElo "2350"]
[BlackElo "2100"]
[Result "1-0"]
[Round "1"]
1.e4 c5
2.d4 cxd4
3.c3 dxc3
4.Nb1xc3 g6
5.Ng1f3 Bf8g7
6.Bf1c4 a6
7.O-O d6
8.Qd1b3 e6
9.Rf1d1 Qd8c7
10.Bc1f4 e5
11.Nc3d5 Qc7d8
12.Bf4g5 f6
13.Bg5e3 Ng8e7
14.Nd5b6 Ra8a7
15.Nb6xc8 Ne7xc8
16.Be3xa7 Nc8xa7
17.Qb3xb7 { resign }
1-0

[Event "Fast Game"]
[Site "www.echecsemail.com"]
[Date "2018.09.10"]
[Round "1"]
[White "Hennie4820"]
[Black "Rav"]
[WhiteElo "1740"]
[BlackElo "1729"]
[Result "0-1"]
[Round "1"]
1.e4 d5
2.exd5 Qd8xd5
3.Nb1c3 Qd5d6
4.Ng1f3 Ng8f6
5.d4 c6
6.Bf1e2 Bc8g4
7.O-O Nb8d7
8.Bc1g5 e6
9.h3 Bg4h5
10.Bg5xf6 Nd7xf6
11.Qd1d2 Qd6b4
12.Ra1b1 Bf8d6
13.a3 Qb4b6
 { time }
0-1

[Event "Match"]
[Site "www.echecsemail.com"]
[Date "2018.09.11"]
[Round "1"]
[White "Deneb"]
[Black "Ff333"]
[WhiteElo "1600"]
[BlackElo "2200"]
[Result "1-0"]
[Round "1"]
1.e4 e5
2.Ng1f3 Nb8c6
3.Bf1b5 d6
4.d4 exd4
5.Nf3xd4 Bc8d7
6.Nb1c3 a6
7.Nd4xc6 bxc6
8.Bb5a4 Ng8f6
9.O-O Bf8e7
10.Bc1f4 O-O
11.e5 Nf6e8
12.Qd1d3 d5
13.Ra1d1 g6
14.Nc3e2 Ne8g7
15.c4 Bd7e6
16.Ba4xc6 Ra8b8
17.cxd5 Be6f5
18.Qd3c3 Be7b4
19.Qc3c1 Ng7h5
20.Bf4h6 Nh5g7
21.a3 Bb4a5
22.Ne2d4 Qd8c8
23.e6 fxe6
24.dxe6 Ng7xe6
25.Nd4xf5 Rf8xf5
26.Bc6d7 Rf5c5
27.Qc1e3 Qc8b7
28.Bd7xe6 Kh8
29.Qe3d4 { resign }
1-0

[Event "Match"]
[Site "www.echecsemail.com"]
[Date "2018.09.11"]
[Round "1"]
[White "Calponas"]
[Black "Apdash"]
[WhiteElo "2080"]
[BlackElo "2100"]
[Result "0-1"]
[Round "1"]
1.e4 e5
2.Ng1f3 Nb8c6
3.Bf1b5 Ng8e7
4.c3 a6
5.Bb5a4 d5
6.exd5 Qd8xd5
7.O-O Bc8g4
8.d4 e4
9.Ba4xc6 Ne7xc6
10.c4 Qd5xc4
11.b3 Bg4xf3
12.bxc4 Bf3xd1
13.Rf1xd1 Nc6b4
14.Nb1d2 f5
15.Nd2f1 Nb4d3
16.Bc1g5 Bf8e7
17.h4 Be7xg5
18.hxg5 c6
19.Ra1b1 b5
20.cxb5 axb5
21.Rb1a1 Ke7
22.f3 Ra8a4
23.fxe4 fxe4
24.Nf1g3 Ra4xd4
25.a4 bxa4
26.Ng3xe4 Rd4xe4
27.Rd1xd3 Rh8c8
28.Rd3h3 Kf7
29.Rh3xh7 Kg6
30.Rh7h3 Kxg5
31.Rh3a3 Rc8a8
32.Kf2 Ra8f8
33.Kg3 Rf8f4
34.Kh2 Kf5
35.g3 Rf4g4
36.Ra1a2 Re4c4
37.Kh3 Rc4b4
38.Kh2 Rb4b3
39.Ra3xa4 Rg4xg3
40.Ra2f2 Kg5
41.Ra4a5 Kg6
42.Ra5a6 Rg3h3
43.Kg1 Rh3c3
{ resign }
0-1

[Event "Tourn. n9920"]
[Site "www.echecsemail.com"]
[Date "2018.09.11"]
[Round "1"]
[White "Jjmcbride"]
[Black "Minorsana"]
[WhiteElo "1590"]
[BlackElo "1679"]
[Result "0-1"]
[Round "1"]
1.e4 e5
2.Ng1f3 Nb8c6
3.a3 Ng8f6
4.Nb1c3 d5
5.d3 d4
6.Nc3e2 Bc8e6
7.h3 a5
8.Nf3g5 Be6c8
9.Ne2g3 h5
10.Bf1e2 g6
11.f4 h4
12.Ng3f1 Bf8d6
 { time }
0-1

[Event "Tourn. n9926"]
[Site "www.echecsemail.com"]
[Date "2018.09.11"]
[Round "1"]
[White "Cathar"]
[Black "Szustan"]
[WhiteElo "2360"]
[BlackElo "2550"]
[Result "0-1"]
[Round "1"]
1.d4 d5
2.c4 dxc4
3.Ng1f3 Ng8f6
4.Nb1c3 a6
5.e4 b5
6.e5 Nf6d5
7.a4 e6
8.axb5 Nd5b6
9.Bc1e3 Bf8b4
10.Nf3d2 Bc8b7
11.Qd1g4 Kf8
12.Nd2xc4 axb5
13.Ra1xa8 Nb6xa8
14.Nc4d2 h5
15.Qg4g3 Nb8c6
16.Nc3xb5 Na8b6
17.Bf1d3 h4
18.Qg3f4 h3
{ resign }
0-1

[Event "Match"]
[Site "www.echecsemail.com"]
[Date "2018.09.11"]
[Round "1"]
[White "Apdash"]
[Black "Gimmyg"]
[WhiteElo "2200"]
[BlackElo "2560"]
[Result "0-1"]
[Round "1"]
1.d4 Ng8f6
2.c4 e6
3.Bc1g5 Bf8b4
4.Nb1c3 O-O
5.a3 Bb4xc3
6.bxc3 h6
7.Bg5h4 d6
8.Qd1c2 b6
9.e4 e5
10.dxe5 dxe5
11.Ng1f3 Nb8d7
12.Ra1d1 Qd8e7
13.Bf1e2 Nd7c5
14.Bh4xf6 Qe7xf6
15.Rd1d5 Rf8e8
16.O-O Bc8b7
17.Rd5xc5 bxc5
18.Rf1b1 Bb7c6
19.Nf3e1 Ra8b8
20.Rb1d1 Re8d8
21.Ne1d3 Bc6xe4
22.Qc2a4 Be4xd3
23.Be2xd3 e4
24.Bd3xe4 Rd8xd1
25.Qa4xd1 Qf6xc3
26.Be4d5 Qc3d2
27.Qd1f1 Rb8e8
{ resign }
0-1

[Event "Tourn. n9913"]
[Site "www.echecsemail.com"]
[Date "2018.09.11"]
[Round "1"]
[White "Cal"]
[Black "Deneb"]
[WhiteElo "1690"]
[BlackElo "1600"]
[Result "0-1"]
[Round "1"]
1.c4 e5
2.a3 Ng8f6
3.Nb1c3 Nb8c6
4.e4 Bf8c5
5.h3 d6
6.Ng1f3 O-O
7.d3 Nc6d4
8.Bc1e3 c6
9.b4 Nd4xf3
10.Qd1xf3 Bc5xe3
11.Qf3xe3 d5
12.cxd5 cxd5
13.exd5 a5
14.Bf1e2 axb4
15.Nc3b5 Nf6xd5
16.Qe3xe5 Rf8e8
17.Qe5g3 Qd8a5
18.O-O Qa5xb5
19.Be2f3 Ra8xa3
20.Bf3e4 Nd5c3
21.Qg3h4 f5
22.Ra1xa3 bxa3
23.Be4f3 a2
24.Qh4d4 Qb5a5
25.Rf1c1 a1Q
26.Rc1xa1 Qa5xa1
27.Kh2 Qa1e1
28.h4 Qe1e5
29.Qd4xe5 Re8xe5
30.g4 fxg4
31.Bf3g2 Re5h5
32.Kg3 Nc3e2
33.Kh2 Rh5xh4
34.Bg2h3 gxh3
35.f3 Rh4f4
{ resign }
0-1

[Event "Tourn. n9881"]
[Site "www.echecsemail.com"]
[Date "2018.09.11"]
[Round "1"]
[White "Apdash"]
[Black "Falcoale"]
[WhiteElo "1840"]
[BlackElo "1880"]
[Result "1/2-1/2"]
[Round "1"]
1.e4 c5
2.Nb1c3 e6
3.d4 cxd4
4.Qd1xd4 Nb8c6
5.Qd4d1 a6
6.Bf1e2 Bf8b4
7.Bc1d2 Ng8f6
8.Be2d3 O-O
9.Ng1f3 d5
10.exd5 Nf6xd5
11.Nc3xd5 Qd8xd5
12.O-O Bb4xd2
13.Qd1xd2 Rf8d8
14.Rf1d1 Qd5c5
15.Nf3g5 h6
16.Ng5e4 Qc5e7
17.Qd2f4 e5
18.Qf4g3 f5
19.Ne4c3 Bc8e6
20.f3 Nc6b4
21.Qg3xe5 Nb4c6
22.Qe5g3 Nc6b4
23.f4 Nb4xd3
24.Rd1xd3 b5
25.Ra1d1 Be6c4
26.Rd1e1 Qe7c5
27.Rd3e3 Rd8d2
28.Kh1 Rd2xc2
29.Re3e7 Qc5d4
30.Nc3d1 Ra8f8
31.b3 Bc4d3
32.a4 Rc2d2
33.Qg3e3 Bd3e4
34.Qe3xd4 Rd2xd4
35.Nd1f2 bxa4
36.bxa4 Rd4xa4
37.Nf2xe4 fxe4
38.Re7xe4 Rf8xf4
39.Re4xf4 Ra4xf4
40.Re1a1 a5
41.Kg1 a4
42.g3 Rf4e4
43.Kf2 Kf7
44.Kf3 Re4b4
45.h4 Kf6
46.g4 Ke5
47.Ra1e1 Kd5
48.Re1e7 Rb4b3
49.Kf4 a3
50.Re7xg7 Rb3b2
51.Rg7a7 a2
52.g5 hxg5
53.hxg5 Rb2f2
54.Kg3 Rf2e2
55.g6 Re2e6
56.Ra7xa2 { draw }
1/2-1/2

[Event "Tourn. n9901"]
[Site "www.echecsemail.com"]
[Date "2018.09.11"]
[Round "1"]
[White "Cal"]
[Black "Roque1"]
[WhiteElo "1700"]
[BlackElo "1730"]
[Result "0-1"]
[Round "1"]
1.c4 e6
2.e4 Nb8c6
3.a3 Ng8f6
4.d3 Bf8e7
5.Nb1c3 O-O
6.Ng1f3 d6
7.h3 Bc8d7
8.b4 a6
9.Bc1g5 h6
10.Bf1e2 hxg5
11.O-O Nf6h7
12.Nf3h2 Nc6d4
13.Be2g4 e5
14.Nc3d5 Bd7xg4
15.Nh2xg4 c6
16.Nd5e3 Nh7f6
17.f3 Nf6h5
18.Ne3f5 Nh5f4
19.Kh2 g6
20.Nf5h6 Kg7
21.Qd1d2 Rf8h8
22.a4 Rh8xh6
23.Ng4xh6 Kxh6
24.g3 Nf4e2
25.h4 Qd8d7
26.hxg5 Kg7
27.Kg2 Ra8h8
28.Rf1h1 Qd7d8
29.Rh1h4 Be7xg5
30.Qd2d1 Bg5xh4
31.b5 Bh4xg3
32.Qd1d2 Qd8h4
33.bxc6 Qh4h2
34.Kf1 Qh2f2

0-1

[Event "Match"]
[Site "www.echecsemail.com"]
[Date "2018.09.11"]
[Round "1"]
[White "Apdash"]
[Black "Micheles"]
[WhiteElo "1810"]
[BlackElo "2570"]
[Result "0-1"]
[Round "1"]
1.e4 c6
2.d4 d5
3.e5 Bc8f5
4.Bf1d3 Bf5xd3
5.Qd1xd3 e6
6.f4 Ng8e7
7.Ng1f3 Nb8d7
8.O-O Qd8b6
9.Kh1 c5
10.c3 h5
11.c4 dxc4
12.Qd3xc4 cxd4
13.Nf3xd4 Ra8c8
14.Qc4a4 Ne7c6
15.Nd4xc6 Qb6xc6
16.Qa4xc6 Rc8xc6
17.Nb1c3 Bf8c5
18.Nc3e4 O-O
19.Bc1d2 Bc5e7
20.Bd2c3 Nd7b6
21.g3 Rc6c4
22.Ne4d6 Be7xd6
23.exd6 Rf8d8
24.Ra1d1 Nb6d5
25.Rf1f3 Rd8xd6
26.Bc3e5 Rd6c6
27.f5 Rc4e4
28.Be5b8 Rc6c2
29.Bb8xa7 Rc2xb2
30.fxe6 fxe6
31.Rf3f2 Rb2xf2
32.Ba7xf2 Re4e2
33.Kg1 Re2xa2
34.Rd1b1 b6
35.Bf2xb6 e5
36.Rb1b5 Ra2d2
37.Bb6a5 Rd2d3
38.Kf2 e4
39.Ba5e1 Kf7
40.Rb5a5 Kf6
41.Ra5a6 Kf5
42.h3 h4
43.g4 Ke5
44.Ra6g6 Rd3g3
45.Rg6xg7 e3
46.Ke2 Nd5f4
47.Kf1 Rg3xh3
48.Rg7h7 Rh3h1
{ resign }
0-1

[Event "Tourn. n9914"]
[Site "www.echecsemail.com"]
[Date "2018.09.11"]
[Round "1"]
[White "Alessiov"]
[Black "Apdash"]
[WhiteElo "2260"]
[BlackElo "2100"]
[Result "1-0"]
[Round "1"]
1.e4 c5
2.Ng1f3 d6
3.d4 cxd4
4.Nf3xd4 Nb8c6
5.c4 Ng8f6
6.Nb1c3 g6
7.Bf1e2 Bf8g7
8.Bc1e3 O-O
9.O-O Bc8d7
10.Qd1d2 Nc6xd4
11.Be3xd4 a6
12.f3 Ra8c8
13.Ra1d1 Bd7e6
14.b3 Qd8a5
15.Nc3d5 Qa5d8
16.Nd5xf6 exf6
17.Be2d3 Qd8d7
18.Qd2b4 Rf8e8
19.a4 Rc8c6
20.Bd3b1 f5
21.Rf1e1 Bg7f8
22.exf5 Be6xf5
23.Re1xe8 Qd7xe8
24.Bb1xf5 gxf5
25.Qb4d2 Qe8e6
26.Rd1e1 Qe6h6
27.Qd2xh6 Bf8xh6
28.Re1e8 Bh6f8
29.Bd4f6 Rc6c7
30.Re8d8 h5
31.a5 f4
32.Kf2 h4
33.h3 d5
34.cxd5 Rc7c2
35.Ke1 Rc2xg2
36.Bf6e7 Rg2g3
37.Rd8xf8 Kg7
38.d6 Rg3xf3
39.d7 { resign }
1-0